[Event "Buenos Aires Duchamp Memorial op 4th"]
[Site "Buenos Aires"]
[Date "2012.10.28"]
[Round "6"]
[White "Gimenez, Martin"]
[Black "Amil Meilan, Horacio"]
[Result "1-0"]
[WhiteElo "2037"]
[BlackElo "2164"]
[PlyCount "131"]
[EventDate "2012.10.22"]
[EventType "swiss"]
[EventRounds "9"]
[EventCountry "ARG"]
[SourceTitle "EXT 2013"]
[Source "ChessBase"]
[SourceDate "2012.11.22"]
[SourceVersion "1"]
[SourceVersionDate "2012.11.22"]
[SourceQuality "1"]

1. e4 d5 2. exd5 Qxd5 3. Nc3 Qa5 4. d4 Nf6 5. Nf3 Bg4 6. h3 Bh5 7. g4 Bg6 8. Ne5 Nbd7 9. Nc4 Qa6 10. Bf4 Qe6+ 11. Be2 Nd5 12. Nxd5 Qxd5 13. 0-0 e6 14. Bxc7 Rc8 15. Ne3 Qc6 16. Bg3 Bd6 17. Bf3 Qc7 18. Bxd6 Qxd6 19. c3 0-0 20. Qe2 b6 21. Rad1 Rfd8 22. Nc4 Qf4 23. Bb7 Rc7 24. Bg2 Nf6 25. Qe5 Qxe5 26. Nxe5 Be4 27. Rde1 Bd5 28. Bxd5 Nxd5 29. f4 f6 30. Nd3 Kf7 31. Re2 a5 32. Rfe1 Rc6 33. Kf2 h6 34. Kf3 a4 35. a3 Nxc3 36. bxc3 Rxc3 37. Re3 Rb3 38. Nb4 Rb2 39. Rd1 g5 40. fxg5 hxg5 41. d5 e5 42. Rc1 Rd7 43. Rc6 Rb7 44. d6 Rd7 45. Rxb6 Ke6 46. Rd3 f5 47. gxf5+ Kxf5 48. Re3 Rd2 49. Rb5 R7xd6 50. Rexe5+ Kf6 51. Rf5+ Ke7 52. Rbe5+ Kd8 53. Rxg5 Rb2 54. Re3 Rf6+ 55. Kg3 Rff2 56. Kh4 Rh2 57. Rg7 Rbe2 58. Rxe2 Rxe2 59. Rg3 Ke7 60. Nd5+ Kd6 61. Nc3 Re8 62. Nxa4 Rh8+ 63. Kg4 Ke5 64. Kf3 Kf5 65. Ke2 Ra8 66. Nb6 1-0

[Event "Buenos Aires Duchamp Memorial op 4th"]
[Site "Buenos Aires"]
[Date "2012.10.27"]
[Round "5"]
[White "Gomez Camacho, Micaela"]
[Black "Gimenez, Martin"]
[Result "0-1"]
[WhiteElo "1721"]
[BlackElo "2037"]
[PlyCount "66"]
[EventDate "2012.10.22"]
[EventType "swiss"]
[EventRounds "9"]
[EventCountry "ARG"]
[SourceTitle "EXT 2013"]
[Source "ChessBase"]
[SourceDate "2012.11.22"]
[SourceVersion "1"]
[SourceVersionDate "2012.11.22"]
[SourceQuality "1"]

1. e4 d5 2. exd5 Qxd5 3. Nc3 Qd6 4. d4 c6 5. Nf3 Bg4 6. Be2 Nf6 7. h3 Bh5 8. g4 Bg6 9. Ne5 Nbd7 10. f4 e6 11. Bf3 Nb6 12. g5 Nfd7 13. Ne4 Qc7 14. Qe2 0-0-0 15. Bd2 Nxe5 16. dxe5 Bxe4 17. Bxe4 Na4 18. 0-0 Nxb2 19. Be3 Qa5 20. Rab1 Na4 21. Rbd1 Bc5 22. Qf2 Nc3 23. Rxd8+ Rxd8 24. Bd3 Bxe3 25. Qxe3 Nd5 26. Qf3 Qc5+ 27. Qf2 Qxf2+ 28. Rxf2 Nb4 29. Bc4 b5 30. Bb3 c5 31. c4 a6 32. Kg2 Kc7 33. Re2 Rd4 0-1

[Event "Buenos Aires-C"]
[Site "Buenos Aires"]
[Date "2012.02.04"]
[Round "9"]
[White "Gimenez, Martin"]
[Black "Paternoste, Martin"]
[Result "1/2-1/2"]
[WhiteElo "2048"]
[BlackElo "2052"]
[PlyCount "70"]
[EventDate "2012.01.30"]
[EventType "tourn"]
[EventRounds "8"]
[EventCountry "ARG"]
[SourceTitle "EXT 2014"]
[Source "ChessBase"]
[SourceDate "2013.11.20"]
[SourceVersion "1"]
[SourceVersionDate "2013.11.20"]
[SourceQuality "1"]

1. e4 d6 2. d4 Nf6 3. Nc3 g6 4. Be3 Bg7 5. f3 0-0 6. Qd2 e5 7. Nge2 Nc6 8. d5 Ne7 9. Bh6 Ne8 10. h4 f5 11. h5 f4 12. hxg6 Nxg6 13. Bxg7 Kxg7 14. 0-0-0 Nf6 15. g3 fxg3 16. Qh6+ Kf7 17. Nxg3 Rg8 18. Nh5 Nxh5 19. Qxh5 Rg7 20. f4 exf4 21. e5 dxe5 22. Ne4 Qe7 23. d6 cxd6 24. Bc4+ Kf8 25. Rxd6 Bd7 26. Rhd1 Qh4 27. Rf6+ Ke7 28. Rxd7+ Kxd7 29. Qf5+ Kc7 30. b3 Rc8 31. Rxg6 Rxg6 32. Qxe5+ Kd8 33. Qd5+ Ke7 34. Qf7+ Kd8 35. Qd5+ Ke7 1/2-1/2

[Event "Buenos Aires-C"]
[Site "Buenos Aires"]
[Date "2012.02.02"]
[Round "6"]
[White "De Luca, Christian"]
[Black "Gimenez, Martin"]
[Result "1/2-1/2"]
[WhiteElo "2091"]
[BlackElo "2048"]
[PlyCount "78"]
[EventDate "2012.01.30"]
[EventType "tourn"]
[EventRounds "8"]
[EventCountry "ARG"]
[SourceTitle "EXT 2014"]
[Source "ChessBase"]
[SourceDate "2013.11.20"]
[SourceVersion "1"]
[SourceVersionDate "2013.11.20"]
[SourceQuality "1"]

1. Nf3 Nf6 2. c4 g6 3. b3 Bg7 4. Bb2 0-0 5. g3 Nc6 6. Bg2 d6 7. d3 e5 8. Nbd2 a5 9. a3 Qe7 10. 0-0 Nd7 11. Ne1 f5 12. e3 Kh8 13. Nc2 Nc5 14. d4 Nd3 15. Bc3 e4 16. b4 axb4 17. axb4 Bd7 18. b5 Rxa1 19. Qxa1 Nd8 20. Qa3 Re8 21. Qb3 b6 22. Ra1 Ne6 23. Ra7 Nc1 24. Qb2 Ne2+ 25. Kf1 Nxc3 26. Qxc3 d5 27. Qb3 dxc4 28. Qxc4 Rc8 29. Nb4 Qd6 30. Nc6 Bf8 31. Nb3 Nd8 32. d5 Be6 33. Bxe4 fxe4 34. dxe6 Qd1+ 35. Kg2 Nxc6 36. bxc6 Qf3+ 37. Kg1 Qd1+ 38. Kg2 Qf3+ 39. Kg1 Qd1+ 1/2-1/2

[Event "Buenos Aires Duchamp op 1st"]
[Site "Buenos Aires"]
[Date "2011.09.15"]
[Round "4"]
[White "Perez, Maximiliano"]
[Black "Gimenez, Martin"]
[Result "1/2-1/2"]
[WhiteElo "2184"]
[BlackElo "2043"]
[PlyCount "102"]
[EventDate "2011.09.12"]
[EventType "swiss"]
[EventRounds "9"]
[EventCountry "ARG"]
[SourceTitle "EXT 2014"]
[Source "ChessBase"]
[SourceDate "2013.11.20"]
[SourceVersion "1"]
[SourceVersionDate "2013.11.20"]
[SourceQuality "1"]

1. e4 d5 2. Nc3 d4 3. Nce2 e5 4. Ng3 Be6 5. c3 c5 6. Bb5+ Nc6 7. Nf3 f6 8. Nh4 Nge7 9. Qe2 Qd7 10. d3 0-0-0 11. c4 Ng6 12. Nxg6 hxg6 13. a3 a6 14. Ba4 Qc7 15. Bd2 f5 16. b4 f4 17. Nf1 cxb4 18. Bxc6 Qxc6 19. axb4 Kd7 20. h3 Ke8 21. Nh2 Qd7 22. Nf3 Bd6 23. Ra5 Bg4 24. Rg1 Bxf3 25. Qxf3 Qe7 26. Ke2 Bc7 27. Raa1 Qe6 28. Qg4 Qxg4+ 29. hxg4 Kd7 30. Kf3 Ra8 31. Rh1 g5 32. Rh5 g6 33. Rhh1 Raf8 34. Rhb1 Ra8 35. Ra2 Rab8 36. b5 axb5 37. Rxb5 b6 38. Ra7 Ra8 39. Rxa8 Rxa8 40. Rb1 Ra3 41. Ke2 Ra2 42. Rh1 Bd6 43. Rb1 Kc6 44. Kd1 Ra3 45. Kc2 Ra2+ 46. Rb2 Ra1 47. Rb1 Ra2+ 48. Kd1 Ra3 49. Kc2 Ra2+ 50. Kd1 Ra3 51. Kc2 Ra2+ 1/2-1/2

[Event "Buenos Aires Bolivar op 4th"]
[Site "Buenos Aires"]
[Date "2011.06.17"]
[Round "5"]
[White "Fabrega, Enrique"]
[Black "Gimenez, Martin"]
[Result "1-0"]
[WhiteElo "2215"]
[BlackElo "2040"]
[PlyCount "91"]
[EventDate "2011.06.13"]
[EventType "swiss"]
[EventRounds "9"]
[EventCountry "ARG"]
[SourceTitle "EXT 2014"]
[Source "ChessBase"]
[SourceDate "2013.11.20"]
[SourceVersion "1"]
[SourceVersionDate "2013.11.20"]
[SourceQuality "1"]

1. Nf3 Nf6 2. g3 d6 3. Bg2 Nc6 4. d4 g6 5. c4 Bg7 6. Nc3 0-0 7. 0-0 Rb8 8. d5 Na5 9. Qd3 c5 10. Bd2 a6 11. a4 Qb6 12. Bg5 h6 13. Bxf6 Bxf6 14. Ra2 Bg7 15. Nd2 Nb3 16. a5 Nxa5 17. Rfa1 Nxc4 18. Nxc4 Qc7 19. Na5 Bd7 20. Rc1 Rfc8 21. h4 h5 22. Kh2 Qd8 23. Ne4 Qf8 24. Ng5 Re8 25. f4 Bb5 26. Nc4 Bf6 27. f5 Qh6 28. fxg6 fxg6 29. Ne6 Bd7 30. Rf1 b5 31. Nxd6 c4 32. Qc2 Bxe6 33. Nxe8 Rxe8 34. dxe6 Rd8 35. Rxa6 Rd2 36. Qe4 Qg7 37. Bf3 Rd4 38. Qc6 Kh7 39. Qxb5 Qh6 40. Qe8 Qe3 41. Ra8 Qxe6 42. Bxh5 Rxh4+ 43. gxh4 Qe5+ 44. Kg2 gxh5 45. Qf7+ Kh6 46. Rxf6+ 1-0